| 000 | 00539nam a22001937a 4500 | ||
|---|---|---|---|
| 003 | OSt | ||
| 005 | 20140310182204.0 | ||
| 008 | 130903t xxu||||| |||| 00| 0 eng d | ||
| 020 | _a15551035420 | ||
| 050 |
_aBS 551.2 _b.H832 1978 |
||
| 082 |
_aHS 225 _bH79 1978 |
||
| 100 |
_aHoth, Iva _916390 |
||
| 245 |
_aThe new testament : _cIva Hoth. |
||
| 260 |
_aManila : _bThe Bible League, _cc1978. |
||
| 300 |
_aThe Bible League, _bill. col. ; _c28 cm. |
||
| 650 |
_a Bible _x pictorial works. _916391 |
||
| 942 |
_2lcc _cHS |
||
| 999 |
_c10297 _d10297 |
||